| 000 | 00746nam a22002057a 4500 | ||
|---|---|---|---|
| 999 |
_c19111 _d19111 |
||
| 003 | AR-CdUCM | ||
| 008 | 190516b ||||| |||| 00| 0 spa d | ||
| 040 |
_aMUNICIPALIDAD PROVINCIAL DEL CUSCO _cBIBLIOTECA MUNICIPAL DEL CUSCO |
||
| 082 |
_a361.4 / M57 _bM57 |
||
| 100 |
_aMatthew, B. Miles _940242 |
||
| 245 |
_aAprendizaje del trabajo en grupos : _bGuia para lideres educativos / |
||
| 260 |
_aArgentina : _bTroquel, _c1965. |
||
| 300 |
_a294 páginas ; _c25 cm. |
||
| 505 | _aContenido : Eficacia del trabajo en grupos -- Problemas del comportamiento en grupo -- Liderazgo... | ||
| 650 |
_aLiderazgo _93124 |
||
| 650 |
_aAprendizaje del comportamiento _940243 |
||
| 650 |
_aTrabajo en grupos _940244 |
||
| 942 |
_2ddc _cLIBROS |
||
| 945 | _arcc | ||